Estadísticas para Escudos equipos La Liga

Haz click aquí para intentar la prueba.

Estadísticas generales

  • Esta prueba ha sido intentada 1.211 veces
    (567 desde el último reinicio)
  • La puntuación promedio es 18 de 20

Estadísticas de respuestas

Respuesta% Correcto
Athletic Club de Bilbao
99%
UD Almería
99%
FC Barcelona
98%
Cádiz CF
97%
Real Betis Balompié
97%
Girona FC
96%
Atlético de Madrid
95%
Deportivo Alavés
95%
Getafe CF
95%
UD Las Palmas
94%
Celta de Vigo
93%
Real Madrid
92%
CA Osasuna
89%
Rayo Vallecano
89%
Real Sociedad
89%
Valencia CF
89%
Sevilla CF
88%
Granada CF
86%
RCD Mallorca
83%
Villarreal CF
68%

Distribución de puntuación

Porcentaje por número respondido

Porcentaje de gente con cada puntuación

Historial de tus puntuaciones

No has intentado esta prueba desde el último reinicio